Cría y alojamientos de terneros / (Record no. 121162)

MARC details
000 -LEADER
campo de control de longitud fija 00535nam a2200169 4500
001 - NÚMERO DE CONTROL
campo de control 121162
003 - IDENTIFICADOR DE NÚMERO DE CONTROL
campo de control ES-MaACL
005 - FECHA Y HORA DE LA ÚLTIMA TRANSACCIÓN
campo de control 20230906191712.0
007 - CAMPO FIJO DE DESCRIPCIÓN FÍSICA--INFORMACIÓN GENERAL
campo de control de longitud fija t|
008 - DATOS DE LONGITUD FIJA--INFORMACIÓN GENERAL
campo de control de longitud fija 070214s1969 sp r ||||1| spa d
100 1# - ENTRADA PRINCIPAL--NOMBRE DE PERSONA
Nombre de persona Preston, T. R.
9 (RLIN) 93798
245 10 - MENCIÓN DEL TÍTULO
Título Cría y alojamientos de terneros /
Mención de responsabilidad, etc. T. R. Preston ; traducido por Guillermo Aparicio Sánchez.
260 ## - PUBLICACIÓN, DISTRIBUCIÓN, ETC.
Lugar de publicación, distribución, etc. Zaragoza :
Nombre del editor, distribuidor, etc. Acribia,
Fecha de publicación, distribución, etc. 1969.
300 ## - DESCRIPCIÓN FÍSICA
Extensión VII, 103 p., 7 lám. ;
Dimensiones 20 cm.
700 1# - ENTRADA AGREGADA--NOMBRE PERSONAL
Nombre de persona Aparicio Sánchez, Guillermo.
9 (RLIN) 22077
852 ## - LOCALIZACIÓN
Ubicación ES-MaACL
Número de control de estantería C-51703
Sublocalización o colección R.72505
Holdings
Estatus retirado Estado de pérdida Estado de daño No para préstamo Biblioteca de origen Biblioteca actual Ubicación en estantería Fecha de adquisición Fuente de adquisición Total de préstamos Signatura topográfica completa Código de barras Visto por última vez Precio de reemplazo Tipo de ítem Koha
        Biblioteca del Ateneo de Madrid Biblioteca del Ateneo de Madrid Depósito 2 17/01/2008     C-51703 1126275 23/02/2023 23/02/2023 Libro impreso